00858nam a2200205Ia 4500003000900000008004100009040001600050080002600066111009800092245020800190260004900398300001000447650004100457650002000498650001800518650002100536700002600557700002900583710004000612IN-BaIIA211028s9999 xx 000 0 eng d cIIA Library a551.510.5(082.1)bMAG aInternational Symposium on the Physics of the MagnetospherecWashington, D.C.d1968 Sep. 3-13 0aMagnetospheric physicsbproceedings of the international symposium on the physics of the magnetosphere, held in washington, U.S.A., September 3-13, 1968cedited by Donald J. Williams and Gilbert. D. Mead aWashingtonbAmerican Geophysical Unionc1969 a459p. aAstronomy and astrophysics thesaurus aMagnetic fields aMagnetosphere aUpper atmosphere aMead, Gilbert D., ed. aWilliams, Donald J., ed. aNational Academy of Sciences (U.S.)